[Event "Tbilisi Municipality Cup"]
[Site "?"]
[Date "2009.06.21"]
[Round "7.19"]
[White "Reyhan Dogan"]
[Black "Bagaturov Giorgi"]
[Result "0-1"]
[WhiteElo "2234"]
[BlackElo "2467"]
[PlyCount "73"]
[EventDate "2009.??.??"]
[SourceDate "2009.06.21"]

1. e4 c5 2. Nf3 Nc6 3. d4 cxd4 4. Nxd4 Nf6 5. Nc3 d6 6. Bg5 a6 7. Qd2 e6 8.
O-O-O Bd7 9. f3 Be7 10. Kb1 Qc7 11. g4 h5 12. gxh5 Rxh5 13. f4 Nxd4 14. Qxd4
Bc6 15. Be2 Rh3 16. Bf1 Rxc3 17. Qxc3 Nxe4 18. Qxg7 Nxg5 19. Qh8+ Bf8 20. Rg1
Ne4 21. Rg8 Qe7 22. h4 O-O-O 23. Bd3 Nf6 24. Rgg1 Nd5 25. f5 e5 26. h5 e4 27.
Rde1 Qf6 28. Qxf6 Nxf6 29. Be2 a5 30. c3 Bh6 31. Kc2 Kc7 32. Rd1 Kb6 33. Rg2
Kc7 34. Rf1 Bd7 35. Kb3 Rh8 36. Kc2 Rh7 37. b4 0-1

[Event "Tbilisi Municipality Cup"]
[Site "?"]
[Date "2009.06.21"]
[Round "7.20"]
[White "Lortkipanidze Nodar"]
[Black "Gaprindashvili Valeriane"]
[Result "0-1"]
[WhiteElo "2223"]
[BlackElo "2453"]
[PlyCount "100"]
[EventDate "2009.??.??"]
[SourceDate "2009.06.21"]

1. e4 d5 2. exd5 Nf6 3. Nc3 Nxd5 4. Qf3 c6 5. Bc4 e6 6. Nge2 Nd7 7. d4 Qf6 8.
Qg3 Qg6 9. Nxd5 cxd5 10. Bd3 Qxg3 11. hxg3 Nf6 12. f3 h6 13. g4 Rg8 14. Bf4 Bd7
15. Kf2 Bc6 16. a4 Kd7 17. a5 Bd6 18. Be5 Ne8 19. Rab1 f6 20. Bg3 Bxg3+ 21.
Nxg3 Nd6 22. f4 Bb5 23. Bxb5+ Nxb5 24. c3 Nd6 25. Rbe1 Rge8 26. Re2 Nc4 27.
Rhe1 Nxa5 28. f5 exf5 29. Nxf5 Rxe2+ 30. Rxe2 Re8 31. Rxe8 Kxe8 32. Nxg7+ Kf7
33. Nf5 Nc4 34. Ne3 Ke6 35. Nd1 a5 36. Ke2 a4 37. Kd3 f5 38. gxf5+ Kxf5 39.
Ne3+ Nxe3 40. Kxe3 Kg4 41. Kf2 Kf4 42. Ke2 Ke4 43. Kd2 b5 44. Kc2 h5 45. Kd2 b4
46. Kc2 bxc3 47. bxc3 h4 48. Kd2 a3 49. Kc2 a2 50. Kb2 Kd3 0-1

[Event "Tbilisi Municipality Cup"]
[Site "?"]
[Date "2009.06.21"]
[Round "7.21"]
[White "Khurtsidze Nino"]
[Black "Khurtsilava Inga"]
[Result "1-0"]
[WhiteElo "2424"]
[BlackElo "2270"]
[PlyCount "74"]
[EventDate "2009.??.??"]
[SourceDate "2009.06.21"]

1. d4 d5 2. c4 c6 3. Nf3 Bf5 4. cxd5 cxd5 5. Qb3 Qb6 6. Qxd5 e6 7. Qb3 Nc6 8.
e3 Nb4 9. Na3 Bd6 10. Bd2 Nd3+ 11. Bxd3 Qxb3 12. axb3 Bxd3 13. Nc4 Bc7 14. Ba5
b6 15. Bxb6 Bxc4 16. Bxc7 Bxb3 17. O-O Nf6 18. Rfc1 Bd5 19. Bd6 Kd7 20. Ne5+
Kxd6 21. Nxf7+ Ke7 22. Rc7+ Nd7 23. Nxh8 Rxh8 24. Raxa7 Rd8 25. f3 g5 26. e4
Bb3 27. Rab7 Ba2 28. b4 Bb3 29. Ra7 e5 30. d5 g4 31. Kf2 gxf3 32. gxf3 Ke8 33.
Rc3 Bd1 34. Ra1 Rb8 35. Rxd1 Rxb4 36. Rc8+ Ke7 37. Ra1 Rb2+ 1-0

[Event "Tbilisi Municipality Cup"]
[Site "?"]
[Date "2009.06.21"]
[Round "7.22"]
[White "Chighladze Iveri"]
[Black "Arabidze Meri"]
[Result "1-0"]
[WhiteElo "2418"]
[BlackElo "2258"]
[PlyCount "93"]
[EventDate "2009.??.??"]
[SourceDate "2009.06.21"]

1. d4 Nf6 2. c4 e6 3. Nc3 Bb4 4. Qc2 O-O 5. a3 Bxc3+ 6. Qxc3 b6 7. Bg5 Bb7 8.
f3 d6 9. e4 c5 10. dxc5 bxc5 11. O-O-O Nxe4 12. Bxd8 Nxc3 13. Rxd6 Na4 14. Bh4
Nc6 15. Bd3 Nd4 16. Ne2 e5 17. Re1 f6 18. Nxd4 cxd4 19. Bc2 Rfc8 20. Bxa4 Rxc4+
21. Bc2 Rac8 22. Re2 d3 23. Rxd3 Rxh4 24. Red2 Kf8 25. Rd7 Bc6 26. Rxa7 Rxh2
27. b4 e4 28. fxe4 Bxe4 29. Kb2 Bxc2 30. Rxc2 Rxc2+ 31. Kxc2 Rxg2+ 32. Kc3 Ke8
33. b5 Kd8 34. b6 Kc8 35. a4 h5 36. a5 Kb8 37. Re7 Ra2 38. Kb4 Rb2+ 39. Kc5
Rc2+ 40. Kb5 h4 41. Re8+ Rc8 42. Rxc8+ Kxc8 43. Kc6 h3 44. b7+ Kb8 45. Kb6 h2
46. a6 h1=Q 47. a7# 1-0

[Event "Tbilisi Municipality Cup"]
[Site "?"]
[Date "2009.06.21"]
[Round "7.23"]
[White "Zarkua Davit"]
[Black "Mamedjarova Turkan"]
[Result "1/2-1/2"]
[WhiteElo "2366"]
[BlackElo "2255"]
[PlyCount "42"]
[EventDate "2009.??.??"]
[SourceDate "2009.06.21"]

1. Nf3 Nf6 2. b3 d5 3. Bb2 Bf5 4. g3 e6 5. Bg2 h6 6. O-O Bc5 7. c4 c6 8. cxd5
cxd5 9. b4 Be7 10. d3 O-O 11. Bc3 Qb6 12. Nbd2 Rc8 13. Qb3 a5 14. a3 Nbd7 15.
Qb2 axb4 16. axb4 Rxa1 17. Rxa1 Ng4 18. d4 Qc6 19. Rc1 Qa4 20. Nb3 b6 21. Bf1
Ngf6 1/2-1/2

[Event "Tbilisi Municipality Cup"]
[Site "?"]
[Date "2009.06.21"]
[Round "7.24"]
[White "Khmiadashvili Tamar"]
[Black "Tsereteli Tamar"]
[Result "1/2-1/2"]
[WhiteElo "2216"]
[BlackElo "2365"]
[PlyCount "80"]
[EventDate "2009.??.??"]
[SourceDate "2009.06.21"]

1. e4 c5 2. Nc3 Nc6 3. Bb5 d6 4. Bxc6+ bxc6 5. d3 g6 6. Nge2 Bg7 7. O-O e6 8.
Rb1 Ne7 9. Na4 O-O 10. f4 Rb8 11. Kh1 f5 12. c4 e5 13. fxe5 Bxe5 14. Bf4 Bf6
15. Qd2 Be6 16. b3 Qd7 17. Qe3 Bf7 18. e5 dxe5 19. Bxe5 Qe6 20. Bf4 Qxe3 21.
Bxe3 Rbd8 22. Nxc5 Rfe8 23. Bf2 g5 24. Rbe1 Bg6 25. Ng3 Kf7 26. Rd1 Nc8 27.
Rfe1 Nd6 28. Kg1 a5 29. Kf1 f4 30. Nge4 Nxe4 31. dxe4 Rxd1 32. Rxd1 Bxe4 33.
Nxe4 Rxe4 34. Be1 a4 35. Rd7+ Be7 36. Rc7 axb3 37. axb3 c5 38. Bf2 Re5 39. Rc6
Re6 40. Rc7 Re5 1/2-1/2

[Event "Tbilisi Municipality Cup"]
[Site "?"]
[Date "2009.06.21"]
[Round "7.25"]
[White "Gvetadze Sopio"]
[Black "Manashvili Aleko"]
[Result "0-1"]
[WhiteElo "2364"]
[BlackElo "2184"]
[PlyCount "128"]
[EventDate "2009.??.??"]
[SourceDate "2009.06.21"]

1. e4 c5 2. Nf3 Nc6 3. Bb5 g6 4. O-O Bg7 5. Re1 Nf6 6. c3 O-O 7. d4 cxd4 8.
cxd4 d5 9. e5 Ne4 10. Nc3 Nxc3 11. bxc3 Qa5 12. Qb3 Bg4 13. Nd2 Rfc8 14. h3 Be6
15. Nf3 h6 16. Bf4 Qc7 17. Qd1 Na5 18. Qd2 g5 19. Bxg5 hxg5 20. Qxg5 Qxc3 21.
Rad1 Nc4 22. Nh4 a6 23. Bxc4 Qxc4 24. Re3 Qc2 25. Rdd3 Kh7 26. Qh5+ Bh6 27. Nf5
Bxf5 28. Qxf5+ Kh8 29. Qh5 Kh7 30. Qxf7+ Kh8 31. Qh5 Kh7 32. Rf3 Rf8 33. h4
Rxf3 34. Rxf3 Rg8 35. Qf7+ Rg7 36. Qxd5 Qc6 37. Qxc6 bxc6 38. Rc3 Rg4 39. Rxc6
Rxd4 40. Re6 Rxh4 41. Rxa6 Re4 42. e6 Bf4 43. f3 Re2 44. Kf1 Rb2 45. g4 Kg6 46.
Ra5 Bd6 47. a4 Kf6 48. Rf5+ Kxe6 49. Rh5 Ra2 50. a5 Bb4 51. a6 Bd6 52. Rh8 Rxa6
53. Kf2 Bf4 54. Rf8 Ra2+ 55. Kf1 Be3 56. Rf5 Rb2 57. Ke1 Rc2 58. Kf1 Bd4 59.
Rf4 Be5 60. Rf5 Bf6 61. Ke1 Rh2 62. Kf1 Bd4 63. Rf4 Kd5 64. Rf8 e5 0-1

[Event "Tbilisi Municipality Cup"]
[Site "?"]
[Date "2009.06.21"]
[Round "7.26"]
[White "Lomsadze Davit"]
[Black "Gamzardia Giorgi"]
[Result "1/2-1/2"]
[WhiteElo "2342"]
[BlackElo "2139"]
[PlyCount "68"]
[EventDate "2009.??.??"]
[SourceDate "2009.06.21"]

1. e4 g6 2. d4 Bg7 3. Nc3 d6 4. h3 c6 5. a4 a5 6. Nge2 Na6 7. g3 Qc7 8. Bg2 e5
9. O-O Nf6 10. Be3 O-O 11. Qd2 Nb4 12. Rad1 d5 13. dxe5 Nxe4 14. Nxe4 dxe4 15.
Bc5 Qxe5 16. Bxf8 Bxf8 17. Nc3 e3 18. fxe3 Qxg3 19. Ne4 Qe5 20. Nf6+ Kg7 21. c3
Nd5 22. Nxd5 cxd5 23. Qd4 Qxd4 24. Rxd4 Bc5 25. Rxd5 Bxe3+ 26. Kh1 Be6 27. Rd3
Bc5 28. Bxb7 Rb8 29. Bd5 Bf5 30. Rd2 Rd8 31. c4 Be4+ 32. Kh2 Bd6+ 33. Kg1 Bc5+
34. Kh2 Bd6+ 1/2-1/2

[Event "Tbilisi Municipality Cup"]
[Site "?"]
[Date "2009.06.21"]
[Round "7.27"]
[White "Tovmasian Vardges"]
[Black "Gelazonia Parmen"]
[Result "0-1"]
[WhiteElo "2195"]
[BlackElo "2328"]
[PlyCount "108"]
[EventDate "2009.??.??"]
[SourceDate "2009.06.21"]

1. d4 d5 2. Nf3 Nf6 3. c4 dxc4 4. Nc3 a6 5. e4 b5 6. e5 Nd5 7. Ng5 c6 8. e6
Bxe6 9. Nxe6 fxe6 10. Be2 g6 11. h4 Bg7 12. h5 Nd7 13. Bg4 Nf8 14. O-O Qb6 15.
Qe2 O-O-O 16. Bxe6+ Nxe6 17. Qxe6+ Kb7 18. a4 Bxd4 19. axb5 axb5 20. Nxd5 cxd5
21. Qxe7+ Qc7 22. Qh4 Bc5 23. Bf4 Qc6 24. Be5 Rhe8 25. Bd4 Rd7 26. Bxc5 Qxc5
27. Qg4 Rd6 28. Qf4 Rde6 29. hxg6 hxg6 30. Qf7+ Qe7 31. Qf3 Re4 32. Rfd1 Rh8
33. g3 Qh7 34. Qg2 Rhe8 35. Qf3 Rh8 36. Qg2 Qh5 37. Rdc1 Qh3 38. Qxh3 Rxh3 39.
Ra5 Kb6 40. Ra8 Re2 41. Rd1 Rh5 42. g4 Rhe5 43. Rg8 Re1+ 44. Rxe1 Rxe1+ 45. Kg2
Re6 46. f4 Kc5 47. Kf3 d4 48. f5 gxf5 49. gxf5 Re3+ 50. Kf4 Re1 51. f6 d3 52.
Rg5+ Kd4 53. Rg2 Rf1+ 54. Kg5 Ke5 0-1

[Event "Tbilisi Municipality Cup"]
[Site "?"]
[Date "2009.06.21"]
[Round "7.28"]
[White "Gugulashvili Tamaz"]
[Black "Javakhadze Zurab"]
[Result "0-1"]
[WhiteElo "2087"]
[BlackElo "2288"]
[PlyCount "85"]
[EventDate "2009.??.??"]
[SourceDate "2009.06.21"]

1. c4 f5 2. Nc3 Nf6 3. g3 g6 4. Bg2 Bg7 5. d4 d6 6. d5 O-O 7. Nh3 c6 8. Nf4 Bd7
9. O-O Na6 10. Be3 Qe8 11. Qb3 Qc8 12. Rad1 Kh8 13. h4 Nc7 14. Qc2 Qe8 15. Rfe1
Ng4 16. Bd4 Ne5 17. b3 c5 18. Be3 a6 19. a4 b5 20. cxb5 axb5 21. Nxb5 Bxb5 22.
axb5 Qxb5 23. Ne6 Nxe6 24. dxe6 Ra3 25. Bd5 Qa6 26. Qc1 Bf6 27. Bg5 Ng4 28. f3
Ne5 29. Bxf6+ Rxf6 30. h5 Kg7 31. h6+ Kg8 32. Qc3 g5 33. Qd2 f4 34. Kg2 Ra2 35.
Qc3 Rxe2+ 36. Kg1 Rxh6 37. Ra1 Rxe1+ 38. Qxe1 Qd3 39. Qe4 Nxf3+ 40. Qxf3 Qd4+
41. Kg2 Qxa1 42. Qg4 Qh1+ 43. Kf2 0-1

[Event "Tbilisi Municipality Cup"]
[Site "?"]
[Date "2009.06.21"]
[Round "7.29"]
[White "Qalagishvili Pridon"]
[Black "Rasulov Vugar"]
[Result "0-1"]
[WhiteElo "2170"]
[BlackElo "2488"]
[PlyCount "96"]
[EventDate "2009.??.??"]
[SourceDate "2009.06.21"]

1. c4 e5 2. Nc3 Nc6 3. g3 f5 4. Bg2 Nf6 5. d3 d5 6. Rb1 a5 7. a3 g6 8. Nxd5
Nxd5 9. cxd5 Ne7 10. Bg5 Bg7 11. Rc1 b6 12. h4 h6 13. Bd2 O-O 14. Qc2 Ra7 15.
Nh3 Kh7 16. f4 Bd7 17. e4 fxe4 18. dxe4 Bb5 19. h5 gxh5 20. f5 Ng8 21. Qb3 Be8
22. g4 Bf6 23. Bf3 Kh8 24. Kf2 Bh4+ 25. Ke2 hxg4 26. Bxg4 Rf7 27. Rcg1 Rg7 28.
Bf3 c5 29. dxc6 Bxc6 30. Be3 Rab7 31. Rxg7 Rxg7 32. Rc1 Bb7 33. Rg1 Rxg1 34.
Bxg1 Qa8 35. Qe3 Qa6+ 36. Qd3 b5 37. Be3 Qc6 38. b4 axb4 39. axb4 Bc8 40. Nf2
Bd7 41. Nd1 Be8 42. Nc3 Bf7 43. Nd5 Qa6 44. Kf1 Qa4 45. Bd1 Qa2 46. Be2 Qb2 47.
Kg2 Bxd5 48. exd5 Qxb4 0-1

[Event "Tbilisi Municipality Cup"]
[Site "?"]
[Date "2009.06.21"]
[Round "7.30"]
[White "Kekelidze Mikheil"]
[Black "Sulashvili Giorgi"]
[Result "1-0"]
[WhiteElo "2468"]
[BlackElo "2163"]
[PlyCount "118"]
[EventDate "2009.??.??"]
[SourceDate "2009.06.21"]

1. c4 c5 2. Nf3 Nc6 3. Nc3 g6 4. e3 Bg7 5. d4 d6 6. d5 Ne5 7. Nxe5 dxe5 8. e4
Nf6 9. Be3 b6 10. Be2 O-O 11. O-O Ne8 12. a3 f5 13. f3 e6 14. b4 exd5 15. Qxd5+
Qxd5 16. Nxd5 cxb4 17. Ne7+ Kh8 18. Nxc8 Rxc8 19. axb4 fxe4 20. Rxa7 exf3 21.
gxf3 Rf6 22. Rd1 Bf8 23. Rdd7 Bxb4 24. c5 b5 25. Bd1 Rxc5 26. Rxh7+ Kg8 27.
Bb3+ Rc4 28. Rhb7 Nd6 29. Rxb5 Nxb5 30. Bxc4+ Kh8 31. Bxb5 Rxf3 32. Ra8+ Kg7
33. Bg5 e4 34. h4 e3 35. Re8 Bd6 36. Bc6 Rf8 37. Re6 Bg3 38. Kg2 Bf2 39. Re7+
Kh8 40. Bd5 Rf5 41. Bc4 e2 42. Bxe2 Bc5 43. Re6 Kh7 44. Bd3 Rd5 45. Bxg6+ Kg7
46. Be4 Rd6 47. Re7+ Kg8 48. Rb7 Bd4 49. h5 Bf6 50. Be3 Bg7 51. Bg6 Bd4 52. Bh6
Bf6 53. Kf3 Rd8 54. Ke4 Kh8 55. Bf4 Bc3 56. h6 Rd4+ 57. Kf5 Rd5+ 58. Ke6 Rd8
59. Kf7 Bd4 1-0

[Event "Tbilisi Municipality Cup"]
[Site "?"]
[Date "2009.06.22"]
[Round "8.1"]
[White "Mchedlishvili Mikheil"]
[Black "Jobava Baadur"]
[Result "0-1"]
[WhiteElo "2586"]
[BlackElo "2687"]
[PlyCount "80"]
[EventDate "2009.??.??"]
[SourceDate "2009.06.22"]

1. d4 Nf6 2. Nf3 g6 3. c4 Bg7 4. Nc3 d6 5. e4 O-O 6. Be2 e5 7. dxe5 dxe5 8.
Qxd8 Rxd8 9. Bg5 Na6 10. Nd5 Rd6 11. Nd2 c6 12. Nxf6+ Bxf6 13. Be3 Bd8 14.
O-O-O Be7 15. Nb3 Rxd1+ 16. Rxd1 c5 17. h3 b6 18. Bg4 f5 19. Bf3 f4 20. Bd2 Be6
21. Be2 Nb4 22. a3 Nc6 23. Bc3 f3 24. Bxf3 Bxc4 25. Kc2 Rf8 26. Rd7 Bb5 27. Kb1
Bh4 28. Nd2 Bxf2 29. Bg4 Bd4 30. Nf3 Rf6 31. Bd2 h5 32. Bg5 hxg4 33. Bxf6 gxf3
34. gxf3 Be2 35. Rg7+ Kf8 36. Rxg6 Bxf3 37. Rg7 Bxe4+ 38. Kc1 Bd3 39. Rc7 Na5
40. Kd1 e4 0-1

[Event "Tbilisi Municipality Cup"]
[Site "?"]
[Date "2009.06.22"]
[Round "8.2"]
[White "Gagunashvili Merab"]
[Black "Arutinian David"]
[Result "1/2-1/2"]
[WhiteElo "2591"]
[BlackElo "2548"]
[PlyCount "20"]
[EventDate "2009.??.??"]
[SourceDate "2009.06.22"]

1. d4 d5 2. c4 c6 3. Nc3 Nf6 4. cxd5 cxd5 5. Nf3 Nc6 6. Bf4 Bf5 7. e3 e6 8. Bd3
Bxd3 9. Qxd3 Bd6 10. Bxd6 Qxd6 1/2-1/2

[Event "Tbilisi Municipality Cup"]
[Site "?"]
[Date "2009.06.22"]
[Round "8.3"]
[White "Babujian Levon"]
[Black "Kobalia Mikhail"]
[Result "1/2-1/2"]
[WhiteElo "2506"]
[BlackElo "2645"]
[PlyCount "120"]
[EventDate "2009.??.??"]
[SourceDate "2009.06.22"]

1. d4 d5 2. c4 c6 3. Nc3 Nf6 4. Nf3 a6 5. a4 e6 6. g3 Bb4 7. Bg2 O-O 8. O-O
Nbd7 9. Qc2 a5 10. Rd1 b6 11. Ne5 Nxe5 12. dxe5 Nd7 13. cxd5 exd5 14. e4 d4 15.
Rxd4 Bc5 16. Rd1 Qe7 17. h3 Nxe5 18. Kh2 Bg4 19. hxg4 Nxg4+ 20. Kg1 Bxf2+ 21.
Kf1 Bxg3 22. Ke2 f5 23. Qd3 Qe5 24. Be3 fxe4 25. Qxe4 Rae8 26. Qxe5 Rxe5 27.
Be4 Bf2 28. Bd4 Ree8 29. Rd2 Rf4 30. Bxf2 Nxf2 31. Rf1 Nxe4 32. Rxf4 Nxc3+ 33.
Kd3 Nd5 34. Re4 Rf8 35. Kd4 h5 36. Rg2 Kh7 37. Ke5 Re8+ 38. Kd4 Rd8 39. Ke5 Kh6
40. Rc4 Re8+ 41. Kd6 Ne3 42. Rxc6 Nxg2 43. Kd7+ Kg5 44. Kxe8 h4 45. Kf7 Nf4 46.
Rxb6 h3 47. Rd6 h2 48. Rd1 Kg4 49. b4 axb4 50. a5 b3 51. a6 Nd5 52. a7 Nb6 53.
Ke8 Kg3 54. Kd8 Kg2 55. Rd2+ Kh3 56. Rd3+ Kg2 57. Rd2+ Kg1 58. Rd1+ Kg2 59.
Rd2+ Kh3 60. Rd3+ Kg2 1/2-1/2

[Event "Tbilisi Municipality Cup"]
[Site "?"]
[Date "2009.06.22"]
[Round "8.5"]
[White "Supatashvili Khvicha"]
[Black "Neverov Valeriy"]
[Result "1/2-1/2"]
[WhiteElo "2464"]
[BlackElo "2552"]
[PlyCount "157"]
[EventDate "2009.??.??"]
[SourceDate "2009.06.22"]

1. d4 Nf6 2. c4 e6 3. Nf3 b6 4. a3 Bb7 5. Nc3 g6 6. Bf4 Bg7 7. e3 O-O 8. Be2 d6
9. O-O Nbd7 10. Rc1 Qe7 11. h3 Ne4 12. Nxe4 Bxe4 13. b4 a5 14. Bg5 Bf6 15. Bh6
Rfc8 16. Nd2 Bb7 17. Bf3 Bxf3 18. Qxf3 axb4 19. axb4 Ra4 20. c5 d5 21. c6 Nf8
22. b5 Rca8 23. Bf4 Bg7 24. Nb1 g5 25. Bh2 Ng6 26. Qg3 R8a7 27. Nc3 Ra3 28. Qg4
f5 29. Qd1 Qb4 30. Qc2 Qc4 31. Qd2 Qb4 32. Qc2 Qb3 33. Qxb3 Rxb3 34. Ra1 Rxa1
35. Rxa1 f4 36. Rc1 Bf8 37. h4 Ba3 38. Rc2 Bb4 39. Ne2 Rb1+ 40. Rc1 Rb2 41. Kf1
h6 42. h5 Ne7 43. exf4 Bd6 44. Bg3 g4 45. f5 Nxf5 46. Bxd6 Nxd6 47. Nf4 Kf7 48.
Re1 Ne4 49. Nd3 Rxb5 50. Ne5+ Kg7 51. Nxg4 Rb2 52. Kg1 b5 53. f3 Ng5 54. Ra1
Rc2 55. Rb1 Rxc6 56. Rxb5 Rc2 57. Ne5 Rc1+ 58. Kf2 Nf7 59. Nxf7 Kxf7 60. g4 Kf6
61. Rb8 e5 62. dxe5+ Kxe5 63. Re8+ Kf6 64. Rf8+ Kg7 65. Rd8 c6 66. f4 Ra1 67.
Kf3 Ra3+ 68. Kf2 Ra2+ 69. Ke3 Ra3+ 70. Kd4 Rg3 71. Ke5 Rxg4 72. Rd7+ Kf8 73.
Rd6 Kg7 74. Rxc6 Rh4 75. Rc7+ Kg8 76. f5 Rxh5 77. Ke6 Rh1 78. Rc8+ Kg7 79. Rc7+
1/2-1/2

[Event "Tbilisi Municipality Cup"]
[Site "?"]
[Date "2009.06.22"]
[Round "8.6"]
[White "Zeynalov Farid"]
[Black "Dzagnidze Nana"]
[Result "0-1"]
[WhiteElo "2299"]
[BlackElo "2541"]
[PlyCount "102"]
[EventDate "2009.??.??"]
[SourceDate "2009.06.22"]

1. c4 e5 2. Nc3 Nc6 3. Nf3 Nf6 4. g3 d5 5. cxd5 Nxd5 6. Bg2 Nb6 7. O-O Be7 8.
d3 O-O 9. Be3 f5 10. b4 Bf6 11. b5 Nd4 12. Nd2 a6 13. bxa6 Rxa6 14. a4 c6 15.
a5 Na8 16. Nb3 Qe7 17. Bxd4 exd4 18. Na4 Nc7 19. Nac5 Ra7 20. Qc2 Qf7 21. Ra4
Nb5 22. e3 dxe3 23. fxe3 Nc3 24. Rc4 Nd5 25. Re1 Bg5 26. Qf2 b5 27. axb6 Nxb6
28. Rc2 Nd5 29. Nd4 Re7 30. Rce2 Qe8 31. Kh1 Kh8 32. Bxd5 cxd5 33. Nf3 Bf6 34.
d4 g5 35. Nd3 Ba6 36. Rd2 Bxd3 37. Rxd3 g4 38. Nh4 Bxh4 39. gxh4 f4 40. Rf1
Ref7 41. Qg2 f3 42. Qf2 Qe4 43. Rc3 Ra7 44. Qc2 Ra2 45. Qxe4 dxe4 46. h5 Kg7
47. Rc6 Rb8 48. h6+ Kf7 49. Rc7+ Kf6 50. h4 Rbb2 51. Rc6+ Ke7 0-1

[Event "Tbilisi Municipality Cup"]
[Site "?"]
[Date "2009.06.22"]
[Round "8.8"]
[White "?"]
[Black "Jamagidze Giorgi"]
[Result "1-0"]
[WhiteElo "2655"]
[BlackElo "2263"]
[PlyCount "65"]
[EventDate "2009.??.??"]
[SourceDate "2009.06.22"]

1. d4 d5 2. c4 dxc4 3. e4 Nf6 4. e5 Nd5 5. Bxc4 Nb6 6. Bd3 Nc6 7. Be3 Nb4 8.
Be4 c6 9. Ne2 Be6 10. Nbc3 N4d5 11. O-O Qd7 12. Bb1 f5 13. Bd2 Nxc3 14. bxc3
Bc4 15. a4 e6 16. a5 Nd5 17. Ba2 Bxa2 18. Rxa2 Be7 19. c4 Nc7 20. Rb2 Rb8 21.
Qb1 Qc8 22. Be3 O-O 23. Rd1 Rd8 24. g3 c5 25. h4 cxd4 26. Bxd4 Na6 27. Bxa7
Rxd1+ 28. Qxd1 Ra8 29. Bb6 Qxc4 30. Rc2 Qe4 31. Nf4 Qxe5 32. Qd7 Nb4 33. Qxb7
1-0

[Event "Tbilisi Municipality Cup"]
[Site "?"]
[Date "2009.06.22"]
[Round "8.9"]
[White "Pantsulaia Levan"]
[Black "Khurtsidze Nino"]
[Result "1-0"]
[WhiteElo "2581"]
[BlackElo "2424"]
[PlyCount "99"]
[EventDate "2009.??.??"]
[SourceDate "2009.06.22"]

1. Nf3 c5 2. c4 Nf6 3. g3 b6 4. Bg2 Bb7 5. Nc3 e6 6. O-O d6 7. Re1 Be7 8. e4
Nc6 9. e5 Nxe5 10. Nxe5 Bxg2 11. Nxf7 Kxf7 12. Kxg2 e5 13. d3 Rf8 14. Bg5 Nd7
15. Qf3+ Kg8 16. Qd5+ Kh8 17. Bxe7 Qxe7 18. Ne4 Nf6 19. Qxd6 Qxd6 20. Nxd6 Rad8
21. Nb5 Rxd3 22. Rad1 e4 23. Rxd3 exd3 24. Rd1 Ng4 25. Rxd3 Rxf2+ 26. Kg1 Rf8
27. b3 a6 28. Nc3 h6 29. Na4 Rf6 30. h3 Ne5 31. Rd8+ Kh7 32. Rb8 Rd6 33. Kf2
Rd2+ 34. Ke3 Rxa2 35. Nxb6 Rb2 36. Ke4 Nc6 37. Rc8 Nb4 38. Nd7 Rxb3 39. h4 Rxg3
40. h5 Rh3 41. Nf8+ Kg8 42. Ng6+ Kf7 43. Rxc5 Nd3 44. Rf5+ Ke6 45. c5 Kd7 46.
Rd5+ Kc6 47. Ne7+ Kb5 48. c6+ Kb6 49. Rxd3 Rxh5 50. Rd7 1-0

[Event "Tbilisi Municipality Cup"]
[Site "?"]
[Date "2009.06.22"]
[Round "8.10"]
[White "Kotanjian Tigran"]
[Black "Chighladze Iveri"]
[Result "0-1"]
[WhiteElo "2552"]
[BlackElo "2418"]
[PlyCount "86"]
[EventDate "2009.??.??"]
[SourceDate "2009.06.22"]

1. d4 Nf6 2. c4 e6 3. Nf3 d5 4. Nc3 Be7 5. Bf4 c5 6. dxc5 Bxc5 7. e3 Nc6 8. a3
O-O 9. Qc2 Qa5 10. Rd1 Be7 11. Be2 dxc4 12. Bxc4 e5 13. Bg3 Bg4 14. O-O Rac8
15. Nd5 e4 16. Nxf6+ Bxf6 17. Qxe4 Bf5 18. Qf4 Ne7 19. b3 b5 20. b4 Qa4 21. Bd3
Bg6 22. Ne5 Rfd8 23. Qg4 a6 24. Bxg6 hxg6 25. Nd7 Qxa3 26. e4 Qxb4 27. Bd6 Qb2
28. e5 Nf5 29. Bc7 Re8 30. Rc1 Bd8 31. Rb1 Qd4 32. Qxd4 Nxd4 33. Bd6 Be7 34.
Rfe1 Bxd6 35. exd6 Rxe1+ 36. Rxe1 Rd8 37. Nc5 Rxd6 38. h4 Ne6 39. Nb7 Rb6 40.
Na5 b4 41. Nb3 Kf8 42. Re5 Rb5 43. Re1 Nc5 0-1

[Event "Tbilisi Municipality Cup"]
[Site "?"]
[Date "2009.06.22"]
[Round "8.11"]
[White "Sulashvili Malkhaz"]
[Black "Shanava Konstantine"]
[Result "0-1"]
[WhiteElo "2442"]
[BlackElo "2506"]
[PlyCount "104"]
[EventDate "2009.??.??"]
[SourceDate "2009.06.22"]

1. d4 g6 2. c4 Bg7 3. Nf3 c5 4. d5 d6 5. e4 Nf6 6. Nc3 O-O 7. h3 e6 8. Bd3 exd5
9. cxd5 Re8 10. O-O c4 11. Bc2 b5 12. a3 a6 13. Bf4 Bb7 14. Qd2 Qb6 15. Rfe1
Nbd7 16. Rad1 Rac8 17. Bh6 Bh8 18. Be3 Qc7 19. Bf4 Bg7 20. Re2 Ne5 21. Nxe5
dxe5 22. Be3 Qd6 23. g4 Rb8 24. Kg2 Bc8 25. f3 a5 26. a4 b4 27. Nb5 Qd7 28. b3
c3 29. Qe1 Ba6 30. Bd3 Rb7 31. Qf2 Ra8 32. Bc4 Bxb5 33. axb5 Rxb5 34. Ra2 a4
35. Bxb5 Qxb5 36. Qf1 Qxf1+ 37. Kxf1 a3 38. Bc5 Bf8 39. Bxf8 Kxf8 40. d6 Rc8
41. Ke2 Ke8 42. g5 Nd7 43. Kd3 Rc6 44. Kc2 Nb6 45. f4 Rc5 46. f5 Kd7 47. Raa1
Nc8 48. Rd3 gxf5 49. exf5 Na7 50. Rad1 Nc6 51. Rd5 Rxd5 52. Rxd5 a2 0-1

[Event "Tbilisi Municipality Cup"]
[Site "?"]
[Date "2009.06.22"]
[Round "8.12"]
[White "Bagaturov Giorgi"]
[Black "Purtseladze Maka"]
[Result "1-0"]
[WhiteElo "2467"]
[BlackElo "2327"]
[PlyCount "139"]
[EventDate "2009.??.??"]
[SourceDate "2009.06.22"]

1. d4 Nf6 2. c4 e6 3. Nf3 Bb4+ 4. Bd2 Qe7 5. g3 Nc6 6. Nc3 Bxc3 7. Bxc3 d6 8.
Bg2 a5 9. O-O Ne4 10. Qc2 Nxc3 11. Qxc3 e5 12. d5 Nb8 13. c5 Nd7 14. cxd6 cxd6
15. Rac1 O-O 16. Qc7 Re8 17. Nd2 Kf8 18. Nc4 Ra6 19. Nxa5 Nc5 20. Qxe7+ Kxe7
21. b4 Bd7 22. Rc2 Rxa5 23. bxa5 Ra8 24. Rb1 Rxa5 25. Rb4 f5 26. f4 e4 27. g4
g6 28. gxf5 gxf5 29. Rbc4 Be8 30. R4c3 Bf7 31. Rh3 Bg6 32. Rb2 Ra4 33. Rd2 Rc4
34. Rg3 Kf6 35. Kf2 Rc1 36. Ra3 Bf7 37. Bh3 Na6 38. Rb3 Rc7 39. Rb6 Rc3 40. e3
Nc5 41. Rxd6+ Ke7 42. Rb6 Nd3+ 43. Kg2 Bxd5 44. Bxf5 Bc6 45. Rxc6 bxc6 46. Bxe4
Nb4 47. Kf3 h6 48. Rg2 c5 49. Rg7+ Kf8 50. Rd7 c4 51. Rd4 Nc2 52. Bxc2 Rxc2 53.
h4 c3 54. Rc4 Kf7 55. a4 Rc1 56. a5 c2 57. Ke4 Kg6 58. Rc5 Ra1 59. h5+ Kf6 60.
Rc6+ Kg7 61. Rxc2 Rxa5 62. f5 Kf6 63. Rc6+ Kg5 64. Rg6+ Kxh5 65. Rg1 Ra4+ 66.
Ke5 Kh4 67. e4 Ra2 68. Kf4 Rf2+ 69. Ke3 Ra2 70. f6 1-0

[Event "Tbilisi Municipality Cup"]
[Site "?"]
[Date "2009.06.22"]
[Round "8.13"]
[White "Gelazonia Parmen"]
[Black "Javakhishvili Lela"]
[Result "1/2-1/2"]
[WhiteElo "2328"]
[BlackElo "2463"]
[PlyCount "35"]
[EventDate "2009.??.??"]
[SourceDate "2009.06.22"]

1. d4 Nf6 2. c4 e6 3. Nf3 b6 4. g3 Ba6 5. Qa4 Bb7 6. Bg2 Be7 7. O-O O-O 8. Nc3
c6 9. Rd1 d5 10. Ne5 Nfd7 11. cxd5 cxd5 12. e4 Nf6 13. exd5 Nxd5 14. Qb3 Na6
15. Nxd5 Bxd5 16. Bxd5 Qxd5 17. Qxd5 exd5 18. Bf4 1/2-1/2

[Event "Tbilisi Municipality Cup"]
[Site "?"]
[Date "2009.06.22"]
[Round "8.14"]
[White "Gaprindashvili Valeriane"]
[Black "Namir Mohammed Ismael"]
[Result "1-0"]
[WhiteElo "2453"]
[BlackElo "2271"]
[PlyCount "45"]
[EventDate "2009.??.??"]
[SourceDate "2009.06.22"]

1. d4 Nf6 2. c4 c5 3. e3 e6 4. Nf3 cxd4 5. exd4 b6 6. Nc3 Bb7 7. Bd3 d5 8. cxd5
Nxd5 9. O-O Be7 10. Qe2 Nd7 11. a3 O-O 12. Ne4 N7f6 13. Neg5 h6 14. Nxe6 fxe6
15. Qxe6+ Kh8 16. Ne5 g5 17. h4 Qc8 18. Ng6+ Kg7 19. Qe5 Qc6 20. hxg5 hxg5 21.
Qxg5 Nh7 22. Qh6+ Kf6 23. Ne5# 1-0

[Event "Tbilisi Municipality Cup"]
[Site "?"]
[Date "2009.06.22"]
[Round "8.16"]
[White "Javakhadze Zurab"]
[Black "Kekelidze Mikheil"]
[Result "1-0"]
[WhiteElo "2288"]
[BlackElo "2468"]
[PlyCount "77"]
[EventDate "2009.??.??"]
[SourceDate "2009.06.22"]

1. Nf3 b6 2. g3 Bb7 3. Bg2 e5 4. d3 g6 5. O-O Bg7 6. c4 Ne7 7. Nc3 O-O 8. Bd2
f5 9. b4 d6 10. c5 h6 11. cxd6 cxd6 12. Qb3+ Kh8 13. Rac1 Nbc6 14. b5 Na5 15.
Qb1 g5 16. h3 Bxf3 17. Bxf3 d5 18. Bg2 Nb7 19. a4 Nc5 20. Qa2 d4 21. Nd5 Nxd5
22. Bxd5 Rc8 23. Bb4 e4 24. dxe4 f4 25. Kg2 f3+ 26. exf3 Be5 27. a5 Qf6 28. Qe2
Kg7 29. Bc6 Rcd8 30. Bxc5 bxc5 31. Rxc5 d3 32. Qd1 d2 33. Bd5 Bc3 34. Rc7+ Kh8
35. Rxa7 Qd4 36. b6 Rf6 37. Qc2 Rdf8 38. e5 Rf5 39. Be4 1-0